| 000 | 01031nam a22003137a 4500 | ||
|---|---|---|---|
| 003 | CHAP | ||
| 005 | 20220329135043.0 | ||
| 008 | 971013s1974 r 00010 d | ||
| 010 | _a30204 | ||
| 011 | _a31176 | ||
| 035 | _a35288 | ||
| 040 | _cCHAP | ||
| 090 | _aFolleto 8562 | ||
| 110 |
_aAcademia Nacional de Ciencias. Washington, D. C. _9383 |
||
| 245 | _aNutrients and toxic substances in water for livestock and poultry | ||
| 260 |
_aWashington : _bNAS, _c1974 |
||
| 300 |
_a93 p. _b: ilus. |
||
| 590 |
_aBATCH-UPD _b10 _c20130110 _lUCH01 _h0926 |
||
| 590 |
_aBATCH-UPD _b10 _c20130410 _lUCH01 _h0547 |
||
| 590 |
_aBATCH-UPD _b10 _c20130914 _lUCH01 _h0443 |
||
| 590 |
_aCONVERSION _b10 _c20130109 _lUCH01 _h1317 |
||
| 650 | 1 | 4 |
_aAlimentos y alimentacion del ganado. _94326 |
| 650 | 1 | 4 |
_aAnimales domesticos _xAgua requerida. _95890 |
| 650 | 1 | 4 |
_aAves de corral _xAgua requerida. _98637 |
| 650 | 1 | 4 |
_aToxicologĂa veterinaria. _9114457 |
| 901 | _aBK | ||
| 942 | _cFOLL | ||
| 949 |
_aFolleto 8562 _bBC _cFOLL _d-81464 _eTS1 _i35288 _si |
||
| 999 |
_c30204 _d30204 |
||